000 00555nam a2200157 4500
999 _c17766
_d17766
008 221216b ||||| |||| 00| 0 eng d
020 _a9786214062096
082 _22019
_aDFil 959.9
_bR147
100 _aRamos, Gil D.
_917406
245 _aBabasahin hinggil sa kasaysayan ng Pilipinas /
_cGil D. Ramos.
260 _aIntramuros, Manila :
_bMindshapers Co., Inc.,
_c©2019.
300 _ax, 98 pages :
_billustrations ;
_c23 cm.
650 _aPhilippines
_xHistory.
_947168
650 _aPhilippines
_xHistory
_xTextbooks.
_947169
942 _2ddc
_cDFIL